00751nam a22002297a 45000010005000000030010000050050017000150080041000320200018000730400047000910410008001380820021001461000059001672450090002262640052003163000012003683360027003803370033004073380028004406530022004686530031004902621CO-MdFUSB20171117095030.0171117t1985 sp ||||| |||| 00| 0 spa d a84-7228-949-4 aCO-MdFUSBbspacCO-MdFUSBdCO-MdFUSBCerda0 aspa04aG 225.924 M6121p1 aMeyer, F. B. (Frederick Brotherton) (1847-1929)eautor10aPedro b: Pescador, discípulo, apóstolc / F. B. Meyer ; David Muniesa, Traductor 4aTerrassa, Barcelona, España : bCLIE,c©1985 a225 Pag 2rdacontentatextobtxt 2rdamediaasin mediaciónbn 2rdacarrieravolumenbnc aPedro (apóstol) aBiblia N.T. - Biografías